000
00233nam a2200109Ia 4500
008
190216s9999||||xx |||||||||||||| ||und||
100
_a
Agarwal M L
245
0
_a
Cost Accounting
260
_b
Null
_c
1982
300
_a
814p
942
_c
BK
999
_c
4296
_d
4296